000 01294cam a22003497a 4500
003 CHAP
005 20220329141156.0
008 971010s1982 r 00010 d
010 _a63873
011 _a64845
035 _a70979
040 _cCHAP
090 _aTesis
100 0 0 _aFlores González, Filiberto.
_941563
245 1 0 _aPerspectivas de aprovechamiento de dos aceites comerciales de diferente grado de refinamiento no aptos para consumo humano en dietas para pollos de engorda
260 _aChapingo, Méx. :
_bEl autor,
_c1982
300 _a47 h. gráfs. anexo
502 _aTesis (Ing. Agrónomo Esp. en Zootecnia) -- UACH. Departamento de Zootecnia
590 _aALEPH
_b10
_c20130110
_lUCH01
_h1347
590 _aBATCH-UPD
_b10
_c20130110
_lUCH01
_h0456
590 _aBATCH-UPD
_b10
_c20130410
_lUCH01
_h0134
590 _aBATCH-UPD
_b10
_c20130914
_lUCH01
_h0447
590 _aCONVERSION
_b10
_c20130109
_lUCH01
_h1334
650 1 4 _aAves de corral
_xAlimentación.
_98638
650 1 4 _aAves de corral
_xNutrición.
_98672
650 1 4 _aGrasas y aceites en nutrición animal.
_950455
901 _aBK
942 _cFOLL
949 _bBC
_cTES
_d-149711
_eTS1
_i70979
_si
949 _bBC
_cTES
_d-149712
_eTS2
_fc.2
_i70979
_si
949 _bBC
_cTES
_d-149713
_eTS2
_fc.3
_h21757
_i70979
_si
999 _c63873
_d63873